Business and the environment : a resource guide

Saved in:
Bibliographic Details
Corporate Author: Management Institute for Environment and Business
Other Authors: Pennell, Allison A. (edtf), Choi, Patricia E. (edtf), Molinaro, Lawrence (edtf)
Format: Book
Language:English
Published: Washington, D. C. : Island Press, 1992.
Subjects:
Tags: Add Tag
No Tags, Be the first to tag this record!

MARC

LEADER 00000cam a2200000 i 4500
001 1/10035
008 000829s1992 eng d
020 |a 1-55963-159-7 
035 |l 10063283 
040 |a GR-MY-UA  |b gre  |e aacr 
041 0 |a eng 
082 0 |a 016.658408 
245 1 0 |a Business and the environment :   |b a resource guide /  |c edited by Allison A. Pennell, Patricia E. Choi, and Lawrence Molinaro ; Management Institute for Environment and Business 
260 |a Washington, D. C. :   |b Island Press,   |c 1992.  
300 |a 363 σ.  
504 |a Περιλαμβάνει βιβλιογραφικές παραπομπές και ευρετήριο.  
650 0 0 |a Industrial management  |x Environmental aspects  |x Information services. 
650 0 0 |a Industrial management  |x Environmental aspects  |x Case studies. 
650 0 0 |a Environmental education. 
700 1 |a Pennell, Allison A.  |e edtf 
700 1 |a Choi, Patricia E.  |e edtf 
700 1 |a Molinaro, Lawrence,  |e edtf 
710 2 |a Management Institute for Environment and Business. 
852 |a INST  |b LESVOS  |e 20000829  |h 016.658408 PEN  |p 005100025412  |q 005100025412  |t REF  |y 23 
901 |a BIBL1-2000-2 
909 |a Λ  |b 080888 
922 |a 1ΕΛΗ  |b 200008  |c ΚΠΣ/ΠΜΣ  |d Παπασωτηρίου 
950 |a 157-1999-10-15 
970 |a Μουστάκα  |b Πηνελόπη  |z 2000/08/30